000 00382cam a22001457a 4500
008 180718b1946 xxu||||| |||| 00| 0 eng d
082 _aB135x52 Em16
100 _aEmbree, John F.
245 _aA Japanese village; Suye Mura
_cby John F. Embree
260 _aLondon
_bKegan Paul
_c1946
300 _a268p.
440 _abibl.
500 _a21/-
650 _aSociology, Rural - Japan
999 _c365138
_d365138